Biblioteca

A short introduction to hermeneutics (Registro nro. 64538)

Detalles MARC
000 -LÍDER
Campo fijo de descripción fija 01540cam a22003854i 4500
001 - NÚMERO DE CONTROL
Campo de control 13479805
003 - IDENTIFICADOR DEL NÚMERO DE CONTROL
Campo de control CO-MdFUSB
005 - FECHA Y HORA DE LA ULTIMA TRANSACCIÓN
control field 20180912104705.0
008 - ELEMENTOS DE LONGITUD FIJA -- INFORMACIÓN GENERAL
Campo fijo de descripción fija -- Información general 040204s2004 kyu g b 001 0 eng
010 ## - NÚMERO DE CONTROL DE LA BIBLIOTECA DEL CONGRESO
Número de control LC 2004043018
020 ## - NÚMERO INTERNACIONAL NORMALIZADO PARA LIBROS
Número Internacional Normalizado del libro 0664227511 (alk. paper)
040 ## - FUENTE DE CATALOGACIÓN
Agencia de catalogación original DLC
Agencia que realiza la transcripción CO-MdFUSB
Agencia que realiza la modificación CO-MdFUSB
Idioma de catalogación spa
Convenciones de la descripción rda
041 ## - CÓDIGO DE IDIOMA
Código de idioma para texto/pista de sonido o título separado eng
042 ## - AUTHENTICATION CODE
Authentication code pcc
082 00 - NÚMERO DE CLASIFICACIÓN DECIMAL DEWEY
Número de la edición del Dewey 24
Número de clasificación G 220.601
Clave de autor-Numero de item J39s
100 1# - ASIENTO PRINCIPAL--NOMBRE PERSONAL
Nombre personal Jasper, David.
Término relacionador autor
245 02 - TÍTULO
Título del Material A short introduction to hermeneutics
Mención de responsabilidad, etc. / David Jasper.
250 ## - MENCIÓN DE EDICIÓN
Mención de edición 1st ed.
260 ## - PUBLICACIÓN, DISTRIBUCIÓN, ETC. (PIE DE IMPRENTA)
Lugar de publicación, distribución, etc. Louisville, Kentucky :
Nombre del editor, distribuidor, etc. Westminster John Knox Press,
Fecha de publicación, distribución, etc. ℗2004
264 #4 - PRODUCCIÓN, PUBLICACIÓN, DISTRIBUCIÓN, MANUFACTURA, Y COPYRIGHT
Fecha de producción, publicación, distribución, manufactura, o copyright ©2004
300 ## - DESCRIPCIÓN FÍSICA
Extensión xii, 148 páginas ;
Dimensiones 22 cm.
336 ## - TIPO DE CONTENIDO
Fuente rdacontent
Término de tipo de contenido texto
Código de tipo de contenido txt
337 ## - TIPO DE MEDIO
Fuente rdamedia
Nombre del tipo de medio sin mediación
Código del tipo de medio n
338 ## - TIPO DE SOPORTE
Fuente rdacarrier
Nombre del tipo de soporte volumen
Código Tipo de soporte nc
501 ## - NOTA DE “CON”
Nota de Contenido Incluye índice (páginas 142- 148)
504 ## - NOTA DE BIBLIOGRAFÍA, ETC.
Nota de bibliografía, etc Bibliografía (páginas 139- 141)
505 ## - NOTA DE CONTENIDO
Nota de contenido con formato preestablecido Textos y lectores: leer y escribir -- Midrash, la Biblia y la Iglesia primitiva -- De la escolástica a la era de la ilustración -- Friedrich Schleiermacher y la era del romanticismo -- El siglo XIX -- El siglo XX -- Variedades de hermenéutica posmoderna
630 07 - TITULO UNIFORME
Título uniforme Biblia
Subdivisión de materia general Crítica, interpretación, etc.
650 #7 - ASIENTO SECUNDARIO DE MATERIA - TERMINO TEMÁTICO
9 (RLIN) 418
Término temático o nombre geográfico como elemento de entrada Hermenéutica
906 ## - LOCAL DATA ELEMENT F, LDF (RLIN)
a 7
b cbc
c orignew
d 1
e ocip
f 20
g y-gencatlg
942 ## - TIPO DE MATERIAL (KOHA)
Tipo de Item KOHA Libros General
Existencias
Estado de Material Estado de Perdido Forma de Clasificación Estado de Dañado No para Préstamo Colección Biblioteca de Origen Biblioteca Permanente Fecha de Adquisición Total de Préstamos Total de Renovaciones Signatura Topográfica Código de Barras Última vez visto Última vez Préstado Ejemplar/Existencia Fecha de Remplazo Tipo de Material
    Dewey Decimal Classification     Colección General Biblioteca FUSBC Biblioteca FUSBC 12/09/2018 1 1 G 220.601 J39s 15575 10/04/2026 20/02/2026 Ej. 1 12/09/2018 Libros General

Biblioteca FUSBC | Teléfono: (57+4) 349 88 10 Ext. 141| WhatsApp (+57) 3005338115 
E-mail: biblioteca@unisbc.edu.co | Calle 76 87-14 Robledo Palenque, Medellín, Colombia

Con tecnología Koha